Wäntig, Wulf. Grenzerfahrungen. - Konstanz : UVK Verlagsges.. - 2007 [Rezension]

Titel: Wäntig, Wulf. Grenzerfahrungen. - Konstanz : UVK Verlagsges.. - 2007 [Rezension]
Verfasser:
In: Jahrbuch für Regionalgeschichte, Band 28 (2010), Seite 161-163
alle Artikel anzeigen
Veröffentlicht: 2010
Format: Aufsatz
Sprache: Deutsch
Kein Bild verfügbar
X
alg: 39507059
001A    $01999:12-11-16 
001B    $01999:04-08-21 $t21:03:49.000 
001D    $01999:12-11-16 
001U    $0utf8 
001X    $00 
002@    $0Aox 
003@    $0395070597 
007A    $0395070597 $aHEB 
007T    $0Herdc0078522m 
010@    $ager 
011@    $a2010 
021A    $aWäntig, Wulf. Grenzerfahrungen. - Konstanz : UVK Verlagsges.. -  2007 [Rezension] 
028A    $aMetzger $dTanja 
031A    $d28 $h161-163 $j2010 
039B    $aIn $8--Abvc--. Jahrbuch für Regionalgeschichte. - Stuttgart : Steiner, 1965-. - ISSN 1860-8248 $x201000000280000839 $9046840451 
039T    $8--Aau--Wäntig, Wulf [Tp3]. Grenzerfahrungen. - Konstanz : UVK Verlagsges., 2007. - 662 S.. - graph. Darst., Kt.. - ISBN 3-89669-612-2 $9182462900 
045F    $a900.94371 $eDDC23BSB 
045F/01 $a900 
045F/03 $g4371 
045T    $a8,1 

lok: 39507059 78

exp: 39507059 78 1 #EPN
201B/01 $026-11-17 $t03:56:54.000 
201U/01 $0utf8 
203@/01 $0791369234 
208@/01 $a12-11-16 $be 
209A/01 $a/ $f000 $x00 
220C/01 $aTitelaufnehmer: pg 
220C/01 $aHerkunft: HI Marburg 
244Z/01 $#Tschechien $#Tschechische Republik $#Tschechische Republik $#Tschechenland $#Tschechei Tschechien $#Česká Republika $#Czech Republic $#ČR $74303381-7 $8--Tg1--Tschechien $x01 $9086659812 
244Z/01 $2Trx $#Böhmen $#Bohemia $#Czechy $8--Trx--Čechy $x02 $9391188941 
244Z/01 $2Trx $#arvustused $#recenzijos $#Reviews $#recenziók $#recenzje $#recenzie $#recenze $8--Trx--Rezensionen $x03 $9391357441 
247C/01 $82080>Marburg/Lahn, Herder-Institut, Forschungsbibliothek, Bibliographieportal $9336309341
LEADER 00000caa a22000002c 4500
001 395070597
003 DE-603
005 20210804210349.0
007 tu
008 161112s2010 xx |||| | u00||u|ger c
035 |a (DE-599)HEB395070597 
040 |a DE-603  |b ger  |c DE-603  |d DE-603 
041 |a ger 
082 0 4 |8 1\u  |a 900.94371  |q DE-101  |2 23/BSB 
084 |a 8,1  |2 ssgn 
085 |8 1\u  |b 900 
085 |8 1\u  |z 2  |s 4371 
100 1 |a Metzger, Tanja 
245 0 0 |a Wäntig, Wulf. Grenzerfahrungen. - Konstanz : UVK Verlagsges.. - 2007 [Rezension] 
264 0 |c 2010 
773 0 8 |i In  |t Jahrbuch für Regionalgeschichte  |d Stuttgart : Steiner, 1965-  |x 1860-8248  |g Band 28 (2010), Seite 161-163  |w (DE-603)046840451  |w (DE-600)2629-3 
787 0 8 |i Rezension von  |a Wäntig, Wulf  |t Grenzerfahrungen  |d Konstanz : UVK Verlagsges., 2007  |h 662 S., graph. Darst., Kt.  |z 3896696122  |z 9783896696120  |w (DE-603)182462900 
924 0 |9 2080  |a (DE-603)791369234  |b DE-2080  |c HES  |d d  |g /